Please Please Please (Lyrics)- Sabrina Carpenter - Statistics

General Stats
  • This quiz has been taken 1,689 times
    1,626 since last reset
  • The average score is 206 of 242
Answer Stats
Answer % Correct
I
99%
a
98%
do
98%
don't
98%
Don't
98%
Please
98%
please
98%
an
97%
me
96%
you
96%
make
95%
so
95%
my
94%
just
93%
is
92%
nice
92%
right
92%
when
92%
and
91%
And
91%
be
91%
'em
91%
prove
91%
to
91%
I'm
90%
know
90%
makeup
90%
go
89%
have
89%
one
89%
tears
89%
the
89%
another
88%
bring
88%
did
88%
it
88%
thing
88%
Heartbreak
87%
beg
86%
ego's
86%
good
86%
motherfucker
86%
that
86%
your
86%
fun
84%
It's
84%
it's
84%
taste
84%
But
83%
but
83%
in
83%
you're
83%
embarrass
82%
funny
80%
ironic
80%
feel
79%
judgement
78%
way
78%
inside
77%
like
77%
no
77%
act
76%
only
75%
actor
74%
guy
74%
them
74%
everyone
72%
idea
72%
babe
71%
culture
71%
stand-up
71%
fan
70%
if
70%
If
70%
oh
70%
stay
70%
tell
70%
baby
69%
we
69%
eyes
68%
let
68%
out
68%
air
67%
ceiling
67%
fresh
67%
maybe
67%
of
67%
some
67%
different
66%
heard
66%
their
66%
tonight
66%
really
65%
with
65%
front
64%
kidding
64%
mistakes
64%
could
63%
cravin'
63%
makes
63%
promise
63%
stupid
63%
asking
62%
devil's
62%
happily
62%
knows
62%
live
62%
rolls
62%
All
61%
hate
61%
wanna
61%
Whatever
59%
cry
58%
him
58%
Yeah
57%
music
55%
prolifically
35%
Well
25%
No matching quizzes found
Score Distribution
Percent of People with Each Score
Percentile by Number Answered
Your Score History
You have not taken this quiz since the last reset